000 00426cam a2200181ua 4500
020 _c48.00
041 _aeng
_h
082 _a531.2
_bCHA/ST
100 _aChatterji, P.N .
245 _aStatics /
_cP.N Chatterji.
_hTextual Documents
250 _a15 /
_b.
260 _aMeerut :
_bRajhams Prakasham Mandir ,
_c1994.
300 _a108 ; .
365 _a48.00
504 _a
942 _cBK
999 _c7517
_d7517